banner-ar

التصحيحات : (Record no. 62679)

MARC details
000 -الفاتح
حقل البيانات ثابتة الطول 00836nam a22002177a 4500
005 - وقت وتاريخ اخر تعامل مع التسجيلة
رقم الضبط 20240530110602.0
008 - عناصر البيانات ثابتة الطول - معلومات عامة
حقل البيانات ثابتة الطول 160919s2014 ua f 00| f ara d
017 ## - رقم الايداع القانونى
رقم الايداع القانونى 2014/9092
المصدر ( الهيئة المختصة) مصر . دار الكتب المصرية
020 ## - الرقم الدولى المعيارى للكتب
الرقم الدولى المعيارى للكتاب 9789774488474
040 ## - مصدر الفهرسة
وكالة الفهرسة الأصلية EG-CaGPL
082 04 - رقم تصنيف ديوى العشرى
رقم الطبعة 21
رقم التصنيف 823\
رقم المادة ف ت
100 1# - المدخل الرئيسى - إسم شخصى
الإسم الشخصى فرانزن ، جوناثان
245 12 - بيان العنوان
العنوان التصحيحات :
بقية العنوان رواية /
بيان المسئوليه,etc جوناثان فرانزن ؛ ترجمة عمرو خيرى
260 ## - PUBLICATION, DISTRIBUTION, ETC. (IMPRINT)
تاريخ النشر أو التوزيع 2014 .
300 ## - الوصف المادى
التعداد 843 ص. ؛
أبعاد الوعاء 19 سم .
490 0# - بيان السلسلة
عنوان السلسلة سلسلة الجوائز ؛
رقم المجلد/ التعيين التسلسلي 124
650 04 - المدخل الاضافى بالموضوع-مصطلح موضوعى
مصطلح موضوعي الادب الامريكى المترجم
650 04 - المدخل الاضافى بالموضوع-مصطلح موضوعى
مصطلح موضوعي القصص الامريكية المترجمة
700 0# - المدخل الاضافى - اسم شخصى
الإسم الشخصى عمرو خيرى
الدور مترجم
942 ## - عناصر المدخل الإضافي( كوها)
مصدر التصنيف او مخطط الترفيف Dewey Decimal Classification
Koha [default] item type كتاب
260 ## - PUBLICATION, DISTRIBUTION, ETC. (IMPRINT)
-- القاهرة :
-- الهيئة المصرية العامة للكتاب ،
Holdings
حالة التراجع حالة الفقد حالة تلف ليس للاعارة المكان المؤقت الموقع الحالى تاريخ الاكتساب اجمالي اﻻعارات رقم الطلب الباركود تاريخ اخر مشاهدة تاريخ تفعيل السعر نوع وعاء كوها
        مكتبة القاهرة الكبرى مكتبة القاهرة الكبرى 09/19/2016   823\ ف ت 162481 09/19/2016 09/19/2016 كتاب

Powered By

EGPV